Classroom games in French : a source book for teachers /

Saved in:
Bibliographic Details
Main Author: Taylor, Maurie N.
Format: Book
Language:English
Published: Skokie, Ill. : National Textbook Co., c1974.
Subjects:
LEADER 00890nam a2200241 a 4500
001 c000343137
003 CARM
005 00000000000000.0
008 850926s1974 ilu 00010 eng d
019 1 |a 9421164  |z 3919181  |5 LACONCORD2021 
035 |a (OCoLC)2224033  |5 LACONCORD2021 
040 |a SFED  |c SFED 
041 0 |a eng  |b fre 
082 1 |a 448./1  |2 19 
100 1 |a Taylor, Maurie N. 
245 1 0 |a Classroom games in French :  |b a source book for teachers /  |c Maurie N. Taylor. 
260 |a Skokie, Ill. :  |b National Textbook Co.,  |c c1974. 
300 |a 31 p. ;  |c 23 cm. 
650 0 |a Word games. 
650 0 |a French language  |x Study and teaching (Primary) 
852 8 |b CARM  |h A1:AL22E0  |i B10106  |p 0452796  |f BK 
999 f f |i 025f8211-8100-5eaf-ad08-a1c93532bb5f  |s f16a7896-29ab-5c97-b6fb-11bd2222b519 
952 f f |p Can circulate  |a CAVAL  |b CAVAL  |c CAVAL  |d CARM 1 Store  |e B10106  |f A1:AL22E0  |h Other scheme  |i book  |m 0452796